<?xml version="1.0" encoding="UTF-8"?>
<record
    xmlns:xsi="http://www.w3.org/2001/XMLSchema-instance"
    xsi:schemaLocation="http://www.loc.gov/MARC21/slim http://www.loc.gov/standards/marcxml/schema/MARC21slim.xsd"
    xmlns="http://www.loc.gov/MARC21/slim">

  <leader>01364na  a2200373   4500</leader>
  <controlfield tag="001">15114</controlfield>
  <controlfield tag="003">MIRAKIL</controlfield>
  <controlfield tag="005">20181213155014.0</controlfield>
  <controlfield tag="008">160903b        tu            000 0      </controlfield>
  <datafield tag="020" ind1=" " ind2=" ">
    <subfield code="a">9751931797</subfield>
  </datafield>
  <datafield tag="022" ind1=" " ind2=" ">
    <subfield code="a">0082-691X</subfield>
  </datafield>
  <datafield tag="035" ind1=" " ind2=" ">
    <subfield code="a">15114</subfield>
  </datafield>
  <datafield tag="040" ind1=" " ind2=" ">
    <subfield code="a">Milas</subfield>
    <subfield code="b">tur</subfield>
    <subfield code="c">TR-AnCHP</subfield>
  </datafield>
  <datafield tag="041" ind1=" " ind2=" ">
    <subfield code="a">tur</subfield>
    <subfield code="a">eng</subfield>
  </datafield>
  <datafield tag="082" ind1=" " ind2=" ">
    <subfield code="a">DAN 315.61 2001</subfield>
    <subfield code="b">T95i 2002</subfield>
  </datafield>
  <datafield tag="090" ind1=" " ind2=" ">
    <subfield code="a">DAN 315.61 2001 T95i 2002</subfield>
  </datafield>
  <datafield tag="100" ind1=" " ind2=" ">
    <subfield code="a">Devlet &#x130;statistik Enstit&#xFC;s&#xFC; (D&#x130;E)</subfield>
  </datafield>
  <datafield tag="222" ind1=" " ind2=" ">
    <subfield code="a">&#x130;statistik y&#x131;ll&#x131;&#x11F;&#x131;</subfield>
  </datafield>
  <datafield tag="245" ind1=" " ind2=" ">
    <subfield code="a">T&#xFC;rkiye istatistik y&#x131;ll&#x131;&#x11F;&#x131;</subfield>
    <subfield code="b">2001 = Statistical yearbook of Turkey</subfield>
    <subfield code="c">Devlet &#x130;statistik Enstit&#xFC;s&#xFC;</subfield>
  </datafield>
  <datafield tag="246" ind1=" " ind2=" ">
    <subfield code="a">Turkey's statistical yearbook</subfield>
  </datafield>
  <datafield tag="246" ind1=" " ind2=" ">
    <subfield code="a">Statistical yearbook of Turkey</subfield>
  </datafield>
  <datafield tag="260" ind1=" " ind2=" ">
    <subfield code="a">Ankara</subfield>
    <subfield code="b">Devlet &#x130;statistik Enstit&#xFC;s&#xFC; (D&#x130;E)</subfield>
    <subfield code="c">2002</subfield>
  </datafield>
  <datafield tag="300" ind1=" " ind2=" ">
    <subfield code="a">xxviii, 733 s.</subfield>
    <subfield code="b">rnkl. res.,tbl., grf., hrt.</subfield>
    <subfield code="c">29 sm.</subfield>
  </datafield>
  <datafield tag="310" ind1=" " ind2=" ">
    <subfield code="a">Y&#x131;ll&#x131;k</subfield>
  </datafield>
  <datafield tag="490" ind1=" " ind2=" ">
    <subfield code="a">Devlet &#x130;statistik Enstit&#xFC;s&#xFC;</subfield>
    <subfield code="v">2690</subfield>
  </datafield>
  <datafield tag="500" ind1=" " ind2=" ">
    <subfield code="a">Derginin elektronik ortam&#x131; mevcuttur.</subfield>
  </datafield>
  <datafield tag="500" ind1=" " ind2=" ">
    <subfield code="a">2007 y&#x131;l&#x131; itibar&#x131;yla ciltler 24 sm.dir.</subfield>
  </datafield>
  <datafield tag="500" ind1=" " ind2=" ">
    <subfield code="a">Kurum ad&#x131; "T&#xFC;rkiye &#x130;statistik Kurumu (T&#xDC;&#x130;K)" olmu&#x15F;tur.</subfield>
  </datafield>
  <datafield tag="546" ind1=" " ind2=" ">
    <subfield code="a">Kitap T&#xFC;rk&#xE7;e ve &#x130;ngilizce kar&#x15F;&#x131;l&#x131;kl&#x131;d&#x131;r. </subfield>
  </datafield>
  <datafield tag="650" ind1=" " ind2=" ">
    <subfield code="a">&#x130;statistikler</subfield>
    <subfield code="x">Y&#x131;ll&#x131;klar</subfield>
    <subfield code="z">T&#xFC;rkiye</subfield>
  </datafield>
  <datafield tag="651" ind1=" " ind2=" ">
    <subfield code="a">T&#xFC;rkiye</subfield>
    <subfield code="x">&#x130;statistikler</subfield>
    <subfield code="y">S&#xFC;reli yay&#x131;nlar</subfield>
  </datafield>
  <datafield tag="710" ind1=" " ind2=" ">
    <subfield code="a">T&#xFC;rkiye &#x130;statistik Kurumu (T&#xDC;&#x130;K)</subfield>
  </datafield>
  <datafield tag="942" ind1=" " ind2=" ">
    <subfield code="2">dcc</subfield>
    <subfield code="c">BKS</subfield>
  </datafield>
  <datafield tag="952" ind1=" " ind2=" ">
    <subfield code="a">0001</subfield>
    <subfield code="b">0001</subfield>
    <subfield code="d">2016-09-03</subfield>
    <subfield code="e">2</subfield>
    <subfield code="l">0</subfield>
    <subfield code="o">DAN 315.61 2001 T95i 2002</subfield>
    <subfield code="p">002524</subfield>
    <subfield code="r">2016-09-03 00:00:00</subfield>
    <subfield code="v">0.00</subfield>
    <subfield code="w">2016-09-03</subfield>
    <subfield code="y">BKS</subfield>
  </datafield>
  <datafield tag="952" ind1=" " ind2=" ">
    <subfield code="a">0001</subfield>
    <subfield code="b">0001</subfield>
    <subfield code="d">2016-09-03</subfield>
    <subfield code="e">2</subfield>
    <subfield code="l">0</subfield>
    <subfield code="o">DAN 315.61 2001 T95i 2002</subfield>
    <subfield code="p">002525</subfield>
    <subfield code="r">2016-09-03 00:00:00</subfield>
    <subfield code="t">k.2</subfield>
    <subfield code="v">0.00</subfield>
    <subfield code="w">2016-09-03</subfield>
    <subfield code="y">BKS</subfield>
  </datafield>
  <datafield tag="952" ind1=" " ind2=" ">
    <subfield code="a">0001</subfield>
    <subfield code="b">0001</subfield>
    <subfield code="d">2016-09-03</subfield>
    <subfield code="e">2</subfield>
    <subfield code="l">0</subfield>
    <subfield code="o">DAN 315.61 2001 T95i 2002</subfield>
    <subfield code="p">002526</subfield>
    <subfield code="r">2016-09-03 00:00:00</subfield>
    <subfield code="t">k.3</subfield>
    <subfield code="v">0.00</subfield>
    <subfield code="w">2016-09-03</subfield>
    <subfield code="y">BKS</subfield>
  </datafield>
  <datafield tag="999" ind1=" " ind2=" ">
    <subfield code="c">4690</subfield>
    <subfield code="d">4690</subfield>
  </datafield>
</record>
